| 000 | 00403nam a22001457a 4500 | ||
|---|---|---|---|
| 082 | _aP-20 | ||
| 100 |
_aOD-45 _948125 |
||
| 245 |
_aTechnical considerations and techniques of heat insulation and water proofing of buildings _cOD-45 |
||
| 260 |
_aRisalpur _bMCE _c1999 |
||
| 300 | _ax, 176 p: | ||
| 526 |
_a0 _b0 _c0 _dP_20 |
||
| 650 | _aProject | ||
| 710 |
_aArchitect Mubashar _948126 |
||
| 942 |
_2ddc _cBK |
||
| 999 |
_c551156 _d551156 |
||